| 000 | 00421cam a22001337a 4500 | ||
|---|---|---|---|
| 008 | 180718b1977 xxu||||| |||| 00| 0 eng d | ||
| 082 | _aB301x71 C16 | ||
| 100 | _aCanada. Committee on the Concept of the Ombudsman | ||
| 245 | _aReport of the Committee on the Concept of the Ombudsman | ||
| 260 |
_aOttawa _bGovernment of Canada _c1977 |
||
| 300 | _av.p. | ||
| 500 | _aChairman: J.D. Love | ||
| 700 | _aLove, J.D. (Chairman) | ||
| 999 |
_c488938 _d488938 |
||